Всеподданнейшие доклады и высочайшие приказы по Министерству народного просвещения за май-июнь 1892 года

Доступно только в Электронных читальных залах Найти на картеНа карте
RUSMARC
00003754nmc2a22002413x 450
001562b719c-a137-44f7-9d73-f3e262e5ec2b
00520201228161904.0
100##$a20200715l18921892k l0rusy0189 ca
1010#$arus
102##$aRU
105##$ay###
1222#$ad
2001#$aВсеподданнейшие доклады и высочайшие приказы по Министерству народного просвещения за май-июнь 1892 года
$j29 апреля - 2 июля 1892 г.
215##$a54 л.
$d36,5х26 см
251##$cДело
300##$aДело
371##$aДокумент не является опубликованным и широко распространяемым
461#0$10016526c590-ada2-43a1-ab9e-5c9339f793d5
$12001
$aВысочайшие указы, рескрипты и всеподданнейшие доклады по Министерству народного просвещения. Коллекция
$1251
$cФонд
$1852
$j744
462#0$10015d675f29-cbda-4295-98bb-44bf69d0ee3c
$12001
$aОпись высочайших указов, рескриптов и всеподданнейших докладов по Министерству народного просвещения
$1251
$cОпись
$1852
$j1
801#0$aRU
$bРГИА
$c20200715
$gRCR
801#1$aRU
$bГлавНИВЦ
$c20200715
$2rusmarc
801#2$aRU
$bПБ им. Б.Н. Ельцина
$c20201228
$gRCR
$2rusmarc
850##$aРГИА
852##$aРГИА
$eФедеральное казенное учреждение "Российский государственный исторический архив" (РГИА)
$j112
937##$hРГИА
$d12348576
$aASBIBLIO_SCAN
035##$aRusGRCC00007453
856##$uhttp://readingroom.main.prlib.ru/item.aspx?id_node=n153282791&mode=full
Формат отображения